01250 a2200217 4500003000500000005001700005010001600022020001700038040000900055082002100064245007000085260004600155300003200201505053300233650002700766650003800793700002600831942001200857999001900869952014400888Nust20221019181829.0 a 75329351 a0258968214 : cNust00a620.00151535,ROC04aThe Finite element method :ba basic introduction /cK. C. Rockey aLondon :bCrosby Lockwood Staples,c1975. ax, 239 p. :bill. ;c24 cm. aBasic Concepts (Page-1), The Concept Of Stiffness Analysis (Page-7), Bar Finite Elements (Page-35), Finite Elements Of Continua (Page-49), Triangular Finite Element For Plane Elasticity (Page-55), Rectangular Finite Element For Plane Elasticity (Page-77), Rectangular Finite Element For Plate Flexure (Page-95), Analysis Of Folded-Plate, Box Girder And Shell Structures Using Rectangular Elements (Page-116), Axially Symmetric Continua (Page-131), Programming (Page-177), Triangular Finite Element For Plate Flexure (Page-196). 0aFinite element method. 0aStructural analysis (Engineering)1 aRockey, K. C.9100908 2ddccBK c182262d182262 00102ddc4070aMCSbMCScGENd2016-12-12l1o620.00151535,ROCpMCS3378r2024-10-24s2024-10-24w2016-12-12yBKzAlmirah No.26, Shelf No.6